000 00282nam a22001097a 4500
999 _c163238
_d163238
082 _a
_b
100 _aHarinarayana Dheekshith
245 _aSanskrit Sahitya Main Rastriya Bhavana /
_cby Harinarayana Dheekshith.
260 _aNew Delhi:
_bDevavani,
_c
650 _a
942 _cBK